European Cities with more than 50 km of Tram Rails - Statistics

General Stats
  • This quiz has been taken 275 times
  • The average score is 33 of 57
Answer Stats
Length/km Tram City % Correct
190 Berlin
94%
105 Paris
92%
181 Moscow
88%
176.9 Vienna
88%
80.5 Amsterdam
87%
142.4 Prague
86%
205.5 St.Petersburg
86%
124 Warsaw
86%
138.9 Brussels
84%
79 Munich
84%
156.9 Budapest
83%
131.4 Oslo
83%
141.1 Kiev
82%
170 Milan
81%
96 Helsinki
80%
75 Rotterdam
80%
72.9 Zurich
79%
85 Krakow
78%
143 Bucharest
77%
67.3 Frankfurt am Main
75%
154 Sofia
75%
62.8 Minsk
73%
132.7 Dresden
71%
53.3 Lyon
71%
182 Riga
70%
116.3 Zageeb
70%
78 Düsseldorf
68%
52.2 Gdansk
68%
148.3 Leipzig
65%
72 Antwerp
64%
141 Lodz
61%
58 Turin
60%
105 The Hague
59%
114.6 Bremen
56%
70 Brno
53%
52.4 Essen
51%
94 Gothenburg
50%
65.7 Basel
49%
84 Wroclaw
49%
65.6 Poznan
48%
59.8 Graz
46%
55.5 Strasbourg
44%
65.7 Donetsk
42%
73.5 Lviv
42%
61 Mannheim /Ludwigshafen
33%
65.7 Ostrava
33%
60 Szczecin
32%
87.8 Dnipropetrovsk
30%
71.5 Karlsruhe
26%
93.9 Kassel
22%
184 Kassel (regioTram)
22%
56 Montpellier
18%
87.6 Halle
17%
141.2 Alicante
12%
72 Belgian coast / Coast Tram
11%
72.8 Mykolaiv
2%
75.5 Izhevsk
1%
No matching quizzes found
Score Distribution
Percent of People with Each Score
Percentile by Number Answered
Your Score History
You have not taken this quiz